Countries Where Euthanasia is legal - Statistics

General Stats
  • This quiz has been taken 93 times
  • The average score is 5 of 7
Answer Stats
Answer Date of Legalization % Correct
5 Canada 17 June 2016
86%
1 Netherlands 1 April 2002
86%
2 Belgium 28 May 2002
84%
3 Luxembourg 19 March 2009
64%
6 Spain 25 June 2021
61%
7 New Zealand 6 November 2021
54%
4 Colombia 15 December 2014
22%
No matching quizzes found
Score Distribution
Percent of People with Each Score
Percentile by Number Answered
Your Score History
You have not taken this quiz